Secularization in Ireland: Analyzing the Relationship between Religiosity and Demographic Variables in Ireland from the European Social Survey 2002-2012
The European Social Survey (the ESS) is an academically-driven social survey designed to chart and explain the interaction between Europe's changing institutions and the attitudes, beliefs and behavior patterns of its diverse populations. The core elements are Trust in Institutions; National, E...
| Authors: | ; |
|---|---|
| Format: | Electronic Article |
| Language: | English |
| Check availability: | HBZ Gateway |
| Interlibrary Loan: | Interlibrary Loan for the Fachinformationsdienste (Specialized Information Services in Germany) |
| Published: |
2014
|
| In: |
The international journal of religion and spirituality in society
Year: 2014, Volume: 3, Issue: 4, Pages: 113-125 |
| Further subjects: | B
Survey
B Ireland B Secularization B Faith B Religiosity |
| Online Access: |
Volltext (lizenzpflichtig) Volltext (lizenzpflichtig) |
MARC
| LEADER | 00000naa a22000002c 4500 | ||
|---|---|---|---|
| 001 | 184092280X | ||
| 003 | DE-627 | ||
| 005 | 20230331085637.0 | ||
| 007 | cr uuu---uuuuu | ||
| 008 | 230331s2014 xx |||||o 00| ||eng c | ||
| 024 | 7 | |a 10.18848/2154-8633/CGP/v03i04/59267 |2 doi | |
| 035 | |a (DE-627)184092280X | ||
| 035 | |a (DE-599)KXP184092280X | ||
| 040 | |a DE-627 |b ger |c DE-627 |e rda | ||
| 041 | |a eng | ||
| 084 | |a 0 |2 ssgn | ||
| 100 | 1 | |a Breen, Michael J. |e VerfasserIn |4 aut | |
| 245 | 1 | 0 | |a Secularization in Ireland: Analyzing the Relationship between Religiosity and Demographic Variables in Ireland from the European Social Survey 2002-2012 |
| 264 | 1 | |c 2014 | |
| 336 | |a Text |b txt |2 rdacontent | ||
| 337 | |a Computermedien |b c |2 rdamedia | ||
| 338 | |a Online-Ressource |b cr |2 rdacarrier | ||
| 520 | |a The European Social Survey (the ESS) is an academically-driven social survey designed to chart and explain the interaction between Europe's changing institutions and the attitudes, beliefs and behavior patterns of its diverse populations. The core elements are Trust in Institutions; National, Ethnic, and Religious Identity; Political Engagement; Well-being, Health and Security; Socio-political Values; Demographic Composition; Moral and Social Values; Education and Occupation; Social Capital; Financial Circumstances; Social Exclusion; and Household Circumstances. This research includes five rounds of data from 2002 to 2012. | ||
| 601 | |a Demographie | ||
| 601 | |a European Social Survey | ||
| 650 | 4 | |a Faith | |
| 650 | 4 | |a Ireland | |
| 650 | 4 | |a Religiosity | |
| 650 | 4 | |a Secularization | |
| 650 | 4 | |a Survey | |
| 700 | 1 | |a Healy, Amy |e VerfasserIn |4 aut | |
| 773 | 0 | 8 | |i Enthalten in |t The international journal of religion and spirituality in society |d Champaign, Ill. : Common Ground Publishing, 2011 |g 3(2014), 4, Seite 113-125 |h Online-Ressource |w (DE-627)683370324 |w (DE-600)2646017-8 |w (DE-576)485196581 |x 2154-8641 |7 nnas |
| 773 | 1 | 8 | |g volume:3 |g year:2014 |g number:4 |g pages:113-125 |
| 856 | 4 | 0 | |u https://cgscholar.com/bookstore/works/secularization-in-ireland |x Verlag |z lizenzpflichtig |3 Volltext |7 1 |
| 856 | 4 | 0 | |u https://doi.org/10.18848/2154-8633/CGP/v03i04/59267 |x Resolving-System |z lizenzpflichtig |3 Volltext |7 1 |
| 951 | |a AR | ||
| ELC | |a 1 | ||
| ITA | |a 1 |t 1 | ||
| LOK | |0 000 xxxxxcx a22 zn 4500 | ||
| LOK | |0 001 4300580359 | ||
| LOK | |0 003 DE-627 | ||
| LOK | |0 004 184092280X | ||
| LOK | |0 005 20230331085637 | ||
| LOK | |0 008 230331||||||||||||||||ger||||||| | ||
| LOK | |0 040 |a DE-Tue135 |c DE-627 |d DE-Tue135 | ||
| LOK | |0 092 |o n | ||
| LOK | |0 852 |a DE-Tue135 | ||
| LOK | |0 852 1 |9 00 | ||
| LOK | |0 935 |a ixzs |a ixzo |a rwrk | ||
| LOK | |0 939 |a 31-03-23 |b l01 | ||
| ORI | |a SA-MARC-ixtheoa001.raw | ||
| REL | |a 1 | ||
| SUB | |a REL | ||



